<?xml version="1.0" encoding="UTF-8"?>
<record
    xmlns:xsi="http://www.w3.org/2001/XMLSchema-instance"
    xsi:schemaLocation="http://www.loc.gov/MARC21/slim http://www.loc.gov/standards/marcxml/schema/MARC21slim.xsd"
    xmlns="http://www.loc.gov/MARC21/slim">

  <leader>01838cam a2200313I  4500</leader>
  <controlfield tag="001">43300</controlfield>
  <controlfield tag="003">BD-RJUL </controlfield>
  <controlfield tag="005">20211209053658.0</controlfield>
  <controlfield tag="008">160621s1964    enka          000 0 engm </controlfield>
  <datafield tag="035" ind1=" " ind2=" ">
    <subfield code="a">BD-RJUL 43418)</subfield>
  </datafield>
  <datafield tag="035" ind1=" " ind2=" ">
    <subfield code="a">(OCoLC)00346488</subfield>
  </datafield>
  <datafield tag="035" ind1=" " ind2=" ">
    <subfield code="a">GLIS00227256</subfield>
  </datafield>
  <datafield tag="040" ind1=" " ind2=" ">
    <subfield code="a">DLC</subfield>
    <subfield code="c">URB</subfield>
    <subfield code="d">SER</subfield>
    <subfield code="d">OCL</subfield>
    <subfield code="d">BD-RJUL </subfield>
    <subfield code="b">eng</subfield>
  </datafield>
  <datafield tag="041" ind1="1" ind2=" ">
    <subfield code="a">eng</subfield>
    <subfield code="h">und</subfield>
  </datafield>
  <datafield tag="082" ind1=" " ind2=" ">
    <subfield code="2">23 </subfield>
    <subfield code="a">510 </subfield>
    <subfield code="b">SMC 1964 </subfield>
  </datafield>
  <datafield tag="090" ind1=" " ind2=" ">
    <subfield code="a">QA300</subfield>
    <subfield code="b">.S642</subfield>
  </datafield>
  <datafield tag="099" ind1=" " ind2=" ">
    <subfield code="a">QA300.S642</subfield>
  </datafield>
  <datafield tag="100" ind1="1" ind2=" ">
    <subfield code="a">Smirnov, V. I.</subfield>
    <subfield code="q">(Vladimir Ivanovich),</subfield>
    <subfield code="d">1887-1974.</subfield>
    <subfield code="9">132993</subfield>
  </datafield>
  <datafield tag="245" ind1="1" ind2="2">
    <subfield code="a">A course of higher mathematics / </subfield>
    <subfield code="c">[by] V. I. Smirnov. Translated by D. E. Brown. Translation edited and additions made by I. N. Sneddon.</subfield>
  </datafield>
  <datafield tag="260" ind1=" " ind2=" ">
    <subfield code="a">Oxford :</subfield>
    <subfield code="a">New York :</subfield>
    <subfield code="b">Pergamon Press; [U.S.A. ed. distributed by Addison-Wesley Pub. Co., Reading, Mass, </subfield>
    <subfield code="c">1964]</subfield>
  </datafield>
  <datafield tag="300" ind1=" " ind2=" ">
    <subfield code="a">V. : </subfield>
    <subfield code="b">ill. ; </subfield>
    <subfield code="c">24 cm.</subfield>
  </datafield>
  <datafield tag="490" ind1="1" ind2=" ">
    <subfield code="a">International series of monographs in pure and applied mathematics ;</subfield>
    <subfield code="v">v. 57-62</subfield>
  </datafield>
  <datafield tag="505" ind1="0" ind2=" ">
    <subfield code="a">v. 1. Elementary calculus.--v. 2. Advanced calculus.--v. 3., pt. 1. Linear algebra.--v. 3., pt. 2. Complex variables, special functions.--v. 4. Integral equations and partial differential equations.--v. 5. Integration and functional analysis.</subfield>
  </datafield>
  <datafield tag="650" ind1=" " ind2="0">
    <subfield code="a">Mathematical analysis.</subfield>
    <subfield code="9">116520</subfield>
  </datafield>
  <datafield tag="700" ind1=" " ind2=" ">
    <subfield code="a">Brown, D. E. Translated</subfield>
    <subfield code="9">132994</subfield>
  </datafield>
  <datafield tag="830" ind1=" " ind2="0">
    <subfield code="a">International series of monographs in pure and applied mathematics ;</subfield>
    <subfield code="v">v. 57-62.</subfield>
    <subfield code="9">133000</subfield>
  </datafield>
  <datafield tag="942" ind1=" " ind2=" ">
    <subfield code="2">ddc</subfield>
    <subfield code="c">BK</subfield>
  </datafield>
  <datafield tag="949" ind1=" " ind2=" ">
    <subfield code="a">MYGS</subfield>
    <subfield code="v">1</subfield>
    <subfield code="b">[!39080003078091!]</subfield>
    <subfield code="b">[!39080003078109!]</subfield>
    <subfield code="v">2</subfield>
    <subfield code="b">[!39080003078117!]</subfield>
    <subfield code="v">3</subfield>
    <subfield code="w">1</subfield>
    <subfield code="b">[!39080003078125!]</subfield>
    <subfield code="b">[!39080003078133!]</subfield>
    <subfield code="w">2</subfield>
    <subfield code="b">[!39080003078141!]</subfield>
    <subfield code="b">[!39080003078158!]</subfield>
    <subfield code="v">4</subfield>
    <subfield code="b">[!39080003078166!]</subfield>
    <subfield code="b">[!39080003078174!]</subfield>
    <subfield code="b">[!39080003078182!]</subfield>
    <subfield code="v">5</subfield>
    <subfield code="b">[!39080003078190!]</subfield>
    <subfield code="b">[!39080003078208!]</subfield>
    <subfield code="a">MYGE</subfield>
    <subfield code="v">1</subfield>
    <subfield code="b">[!39080003078216!]</subfield>
    <subfield code="v">2</subfield>
    <subfield code="b">[!39080003078224!]</subfield>
    <subfield code="v">3</subfield>
    <subfield code="w">1</subfield>
    <subfield code="b">[!39080003078232!]</subfield>
    <subfield code="w">2</subfield>
    <subfield code="b">[!39080003078240!]</subfield>
    <subfield code="v">4</subfield>
    <subfield code="b">[!39080000360948!]</subfield>
    <subfield code="v">5</subfield>
    <subfield code="b">[!39080000360930!]</subfield>
  </datafield>
  <datafield tag="999" ind1=" " ind2=" ">
    <subfield code="c">43300</subfield>
    <subfield code="d">43300</subfield>
  </datafield>
  <datafield tag="952" ind1=" " ind2=" ">
    <subfield code="0">0</subfield>
    <subfield code="1">0</subfield>
    <subfield code="2">ddc</subfield>
    <subfield code="4">0</subfield>
    <subfield code="7">0</subfield>
    <subfield code="8">NFIC</subfield>
    <subfield code="a">RUCL</subfield>
    <subfield code="b">RUCL</subfield>
    <subfield code="c">Stack</subfield>
    <subfield code="d">1965-11-15</subfield>
    <subfield code="e">Zeit</subfield>
    <subfield code="g">63.00</subfield>
    <subfield code="l">0</subfield>
    <subfield code="o">510  SMC V-3 1964</subfield>
    <subfield code="r">2016-06-21 00:00:00</subfield>
    <subfield code="t">C-2</subfield>
    <subfield code="w">2016-06-21</subfield>
    <subfield code="y">BK</subfield>
  </datafield>
</record>
